00376nam a2200157Ia 4500003000400000008004100004040001600045082002000061100001700081245002800098650001300126650002100139650001400160650002400174650002000198GCL140319s9999 xx 000 0 eng d aGCL / cGCL04aCHb372.65bB A1 aBOURI, PAR I10aA.B.C. / cBOURI, PAR I04aCHILDREN04aENGLISH LANGUAGE04aEDUCATION04aCHILDREN - LEARNING04aENGLISH LETTERS